000 00738 a2200217 4500
003 OSt
005 20230425093109.0
008 220811s2017 sp a||||r|||| 00| 0 spa d
020 _a9788417086206
040 _cCHAP
082 0 0 _a648.7
_bM46
_222
100 1 _9186463
_aMaya Álvarez, Miguel Ángel
245 1 0 _aCaracterización y control de plagas en áreas edificadas y ajardinadas /
_cpor Miguel Ángel Maya Álvarez.
264 1 _aAntequera, Málaga :
_bIC Editorial,
_c2017.
300 _a232 páginas.
_bilustraciones.
504 _aIncluye bibliografía.
650 4 _9166840
_aJardines Control de plagas
650 4 _9186762
_aEdificios
_xControl de plagas
650 2 _9126573
_aPlagas
_xIdentificación
942 _2ddc
_cLIBRO
999 _c217493
_d217493